|
|
|
|
| LEADER |
00000nas a2200000 a 4500 |
| 003 |
Ucuenca |
| 005 |
20230308223850.0 |
| 008 |
013070|2013 ec |||||r|||||||||||||||| |
| 040 |
|
|
|b spa
|
| 041 |
1 |
|
|a spa
|
| 082 |
0 |
|
|a 330.5
|b C184c
|
| 110 |
1 |
|
|a Camara de Comercio de Cuenca
|9 18174
|
| 245 |
|
|
|a Contenidos. Revista de la Cámara de Comercio de Cuenca
|c Cámara de Comercio de Cuenca
|h imp
|
| 264 |
|
|
|a Cuenca
|b Cámara de Comercio de Cuenca
|c Junio-Agosto 2013
|
| 300 |
|
|
|a 66 páginas:
|b ilu
|c 29.5 cm
|
| 362 |
|
|
|a no. 4 (junio-agosto 2013)
|
| 504 |
|
|
|a incl. ref.
|
| 650 |
|
|
|a Revista de la camara de comercio de cuenca
|9 204122
|
| 650 |
|
|
|a Ley de comunicacion
|9 105401
|
| 650 |
|
|
|a Parque nacional cajas
|9 4281
|
| 650 |
|
|
|a Turismo ecuatoriano
|9 204139
|
| 650 |
|
|
|a Facturacion
|9 204140
|
| 650 |
|
|
|a Revista contenidos
|9 204123
|
| 653 |
|
|
|a ECONOMIA
|
| 650 |
|
0 |
|a Rebelión
|9 675
|
| 852 |
|
|
|a UC-CDJBV
|f Donación
|k epenafiel
|l 1
|m General
|p 20130701
|q 1.00
|r 2
|t si7604
|b 0
|d CDRC
|e CDRC
|g 330.5 C184c TERCER PISO (SECCION REVISTAS)
|z 2013-30-70
|
| 942 |
|
|
|c SER
|
| 999 |
|
|
|c 146533
|d 146533
|